STORIES SUID VAN DIE SON (Record no. 691458)
[ view plain ]
| 000 -LEADER | |
|---|---|
| fixed length control field | 00265nam a2200109Ia 4500 |
| 008 - FIXED-LENGTH DATA ELEMENTS--GENERAL INFORMATION | |
| fixed length control field | 220714s9999 xx 000 0 und d |
| 020 ## - INTERNATIONAL STANDARD BOOK NUMBER | |
| International Standard Book Number | <a href="0 624 03083 0">0 624 03083 0</a> |
| 082 ## - DEWEY DECIMAL CLASSIFICATION NUMBER | |
| Classification number | AKF STOR |
| 942 ## - ADDED ENTRY ELEMENTS | |
| Modifier ID | 561 |
| Modifier Name | John Tresidder |
| 100 ## - MAIN ENTRY--PERSONAL NAME | |
| Personal name | No author, editors only |
| 245 #0 - TITLE STATEMENT | |
| Title | STORIES SUID VAN DIE SON |
| 942 ## - ADDED ENTRY ELEMENTS | |
| item type | Books |
| Withdrawn status | Lost status | Damaged status | Not for loan | Home library | Current library | Date acquired | Cost, normal purchase price | Total Checkouts | Barcode | Date last seen | Price effective from | item type | Public note |
|---|---|---|---|---|---|---|---|---|---|---|---|---|---|
| Gerard Sekoto PL(MMID-PLST-GERA) | Gerard Sekoto PL(MMID-PLST-GERA) | 14.07.2022 | 219.95 | 33228 01786932 0 | 14.07.2022 | 14.07.2022 | Books | 81265 | |||||
| Gerard Sekoto PL(MMID-PLST-GERA) | Gerard Sekoto PL(MMID-PLST-GERA) | 14.07.2022 | 219.95 | 33228 01883061 0 | 14.07.2022 | 14.07.2022 | Books | 81265 | |||||
| Gerard Sekoto PL(MMID-PLST-GERA) | Gerard Sekoto PL(MMID-PLST-GERA) | 14.07.2022 | 44.95 | 33228 01539091 5 | 14.07.2022 | 14.07.2022 | Books | 93112840214 | |||||
| Nasaret PL (MMID-PLST-NASA) | Nasaret PL (MMID-PLST-NASA) | 30.06.2022 | 219.95 | 33228023500992 | 30.06.2022 | 30.06.2022 | Books | 81265 |